[Event "PHI-ch (Women)"]
[Site "Manila"]
[Date "2014.06.28"]
[Round "11"]
[White "Mejia, Cherry Ann"]
[Black "Docena, Jedara"]
[Result "1-0"]
[WhiteElo "1972"]
[BlackElo "2020"]
[PlyCount "85"]
[EventDate "2014.06.21"]
[EventType "tourn"]
[EventRounds "11"]
[EventCountry "PHI"]
[SourceTitle "CBM 161 Extra"]
[Source "ChessBase"]
[SourceDate "2014.08.29"]
[SourceVersion "1"]
[SourceVersionDate "2014.08.29"]
[SourceQuality "1"]

1. c4 e5 2. b3 d6 3. Bb2 Nd7 4. g3 g6 5. Bg2 Bg7 6. e3 Nh6 7. h4 f5 8. h5 g5 9. d4 Qe7 10. Ne2 e4 11. Nbc3 c6 12. b4 0-0 13. a4 Nb6 14. c5 Nc4 15. Bc1 d5 16. b5 Ng4 17. Qb3 Bh6 18. Nd1 Bd7 19. Nb2 Nxb2 20. Qxb2 Rae8 21. Ra3 Rf6 22. Bh3 Ref8 23. Bxg4 fxg4 24. Rh2 Qf7 25. Nc3 Rf3 26. Qe2 Bg7 27. Rb3 Qe6 28. Bd2 Be8 29. a5 R8f7 30. bxc6 Bxc6 31. a6 Qc8 32. Nb5 Bxb5 33. axb7 Rxb7 34. Rxb5 Qb8 35. Rxb7 Qxb7 36. Bc3 Qb3 37. Qb2 Qc4 38. Bd2 Qxc5 39. h6 Bh8 40. Qb7 Qc4 41. Rh5 Bf6 42. Rxg5+ Kf8 43. Bb4+ 1-0

[Event "PHI-ch (Women)"]
[Site "Manila"]
[Date "2014.06.27"]
[Round "10"]
[White "Docena, Jedara"]
[Black "Dantes, Aurora Kim"]
[Result "1/2-1/2"]
[WhiteElo "2020"]
[BlackElo "1875"]
[PlyCount "48"]
[EventDate "2014.06.21"]
[EventType "tourn"]
[EventRounds "11"]
[EventCountry "PHI"]
[SourceTitle "CBM 161 Extra"]
[Source "ChessBase"]
[SourceDate "2014.08.29"]
[SourceVersion "1"]
[SourceVersionDate "2014.08.29"]
[SourceQuality "1"]

1. e4 c5 2. Nf3 a6 3. c3 d5 4. exd5 Qxd5 5. d4 Nc6 6. dxc5 Qxd1+ 7. Kxd1 Bg4 8. Be2 Nf6 9. Ke1 e5 10. b4 Rd8 11. Bg5 Be7 12. Bxf6 Bxf6 13. Nbd2 Bf5 14. Rc1 e4 15. Ng1 Bg5 16. Rd1 Bf6 17. g4 Bg6 18. Rc1 Bg5 19. Rd1 Bf6 20. Rc1 Bg5 21. Rd1 Bf6 22. Rc1 Bg5 23. Rd1 Bf6 24. Rc1 Bg5 1/2-1/2

[Event "PHI-ch (Women)"]
[Site "Manila"]
[Date "2014.06.23"]
[Round "4"]
[White "Docena, Jedara"]
[Black "Reyes, Queenie Lyn Dc"]
[Result "1-0"]
[WhiteElo "2020"]
[BlackElo "1964"]
[PlyCount "69"]
[EventDate "2014.06.21"]
[EventType "tourn"]
[EventRounds "11"]
[EventCountry "PHI"]
[SourceTitle "CBM 161 Extra"]
[Source "ChessBase"]
[SourceDate "2014.08.29"]
[SourceVersion "1"]
[SourceVersionDate "2014.08.29"]
[SourceQuality "1"]

1. d4 c5 2. d5 e5 3. c4 d6 4. Nc3 Be7 5. g3 Bg5 6. Bg2 Bxc1 7. Rxc1 Ne7 8. e4 0-0 9. Nge2 Bg4 10. Qd2 f5 11. f3 Bh5 12. 0-0 h6 13. exf5 Be8 14. g4 Nd7 15. Ne4 Nf6 16. N2g3 b5 17. b3 Nh7 18. f4 a5 19. fxe5 dxe5 20. Nxc5 Qb6 21. Qf2 Rc8 22. Ne6 Qxf2+ 23. Rxf2 Rf7 24. Ne4 Nxd5 25. Nd6 Ne7 26. Nxc8 Nxc8 27. cxb5 Nd6 28. Nc7 Nf6 29. Rd2 Rd7 30. Nxe8 Nfxe8 31. Bc6 Re7 32. Rcd1 Nf7 33. b6 e4 34. b7 e3 35. Re2 1-0

[Event "PHI-ch (Women)"]
[Site "Manila"]
[Date "2014.06.21"]
[Round "2"]
[White "Docena, Jedara"]
[Black "Mendoza, Shania Mae"]
[Result "0-1"]
[WhiteElo "2020"]
[BlackElo "1909"]
[PlyCount "80"]
[EventDate "2014.06.21"]
[EventType "tourn"]
[EventRounds "11"]
[EventCountry "PHI"]
[SourceTitle "CBM 161 Extra"]
[Source "ChessBase"]
[SourceDate "2014.08.29"]
[SourceVersion "1"]
[SourceVersionDate "2014.08.29"]
[SourceQuality "1"]

1. e4 d5 2. exd5 Qxd5 3. Nc3 Qd6 4. d4 c6 5. Nf3 Bg4 6. h3 Bxf3 7. gxf3 Nf6 8. Ne4 Qc7 9. Bc4 e6 10. Bg5 Nbd7 11. Qd2 Nd5 12. Bh4 b5 13. Bb3 a5 14. c3 a4 15. Bg3 Qb6 16. Bc2 c5 17. dxc5 Nxc5 18. Rd1 Be7 19. Rg1 Rd8 20. Qe2 a3 21. Be5 f6 22. Bd4 e5 23. Bxc5 Bxc5 24. Rxg7 Kf8 25. Rg1 axb2 26. Bb3 Nf4 27. Qxb2 Nd3+ 28. Rxd3 Rxd3 29. Qe2 Rd7 30. f4 f5 31. Qh5 fxe4 32. Qf5+ Ke8 33. Qxe5+ Re7 34. Qxh8+ Kd7 35. Rg2 e3 36. fxe3 Bxe3 37. Kf1 Qd6 38. Rg4 Qd3+ 39. Kg2 Qe2+ 40. Kh1 Qf1+ 0-1

[Event "Asian Continental op (Women) 12th"]
[Site "Manila"]
[Date "2013.05.26"]
[Round "9"]
[White "Qiu, Mengjie"]
[Black "Docena, Jedara"]
[Result "0-1"]
[WhiteElo "2122"]
[BlackElo "2019"]
[PlyCount "108"]
[EventDate "2013.05.18"]
[EventType "swiss"]
[EventRounds "9"]
[EventCountry "PHI"]
[SourceTitle "CBM 154 Extra"]
[Source "ChessBase"]
[SourceDate "2013.06.25"]
[SourceVersion "2"]
[SourceVersionDate "2013.06.25"]
[SourceQuality "1"]

1. e4 c5 2. Nf3 Nc6 3. Nc3 Nf6 4. d4 cxd4 5. Nxd4 d6 6. Bg5 Qb6 7. Nb3 e6 8. Qd2 Be7 9. 0-0-0 0-0 10. Be3 Qd8 11. f3 a6 12. g4 b5 13. g5 Ne8 14. f4 Bb7 15. Rg1 Na5 16. f5 Nc4 17. Bxc4 bxc4 18. Nd4 e5 19. Nde2 Kh8 20. g6 fxg6 21. fxg6 Nf6 22. gxh7 Nxe4 23. Nxe4 Bxe4 24. Nc3 Bf3 25. Rdf1 d5 26. Rg3 d4 27. Bh6 Bf6 28. Rgxf3 dxc3 29. Qxc3 Qe7 30. Be3 e4 31. Rxf6 Rxf6 32. Rg1 Rf3 33. Qd4 Rd8 34. Qb6 Qf6 35. Re1 Kxh7 36. Qc5 Rf1 37. Qh5+ Kg8 38. Qe2 Rxe1+ 39. Qxe1 Rb8 40. c3 Rd8 41. Bd4 Qf4+ 42. Qd2 Qf1+ 43. Qd1 Qxd1+ 44. Kxd1 Kf7 45. Ke2 Rb8 46. b4 cxb3 47. axb3 Rxb3 48. Ke3 a5 49. Kxe4 a4 50. c4 a3 51. Ke5 a2 52. c5 Rb1 53. c6 a1Q 54. Bxa1 Rxa1 0-1

[Event "Asian Continental op (Women) 12th"]
[Site "Manila"]
[Date "2013.05.21"]
[Round "4"]
[White "Docena, Jedara"]
[Black "Frayna, Janelle Mae"]
[Result "1/2-1/2"]
[WhiteElo "2019"]
[BlackElo "2050"]
[PlyCount "153"]
[EventDate "2013.05.18"]
[EventType "swiss"]
[EventRounds "9"]
[EventCountry "PHI"]
[SourceTitle "CBM 154 Extra"]
[Source "ChessBase"]
[SourceDate "2013.06.25"]
[SourceVersion "2"]
[SourceVersionDate "2013.06.25"]
[SourceQuality "1"]

1. e4 c5 2. Nc3 Nc6 3. f4 g6 4. Nf3 Bg7 5. g3 d6 6. Bg2 e5 7. d3 Nge7 8. 0-0 0-0 9. Nd5 exf4 10. Nxf4 d5 11. c3 dxe4 12. dxe4 Bg4 13. Be3 Qa5 14. Qc2 Bxf3 15. Bxf3 Ne5 16. Be2 Rad8 17. a3 Qc7 18. Rad1 Qc6 19. c4 b6 20. Nd5 Nxd5 21. exd5 Qd6 22. Qd2 Rfe8 23. Bg5 Rc8 24. Rde1 Qd7 25. Qf4 f5 26. Qc1 Nf7 27. Bf4 Bd4+ 28. Kg2 Qd8 29. Qc2 Qf6 30. b3 Bc3 31. Bd2 Be5 32. Bd3 Nd6 33. Re2 Bd4 34. Rfe1 Rxe2+ 35. Rxe2 Re8 36. Bf4 Be5 37. Qd2 Bxf4 38. Rxe8+ Nxe8 39. gxf4 Qd4 40. Qe2 Kf8 41. Kf3 Qc3 42. Qc2 Qa1 43. Kg2 Qd4 44. Kf3 Nf6 45. Qe2 Ne8 46. Qe3 Qb2 47. Qe5 Qxb3 48. Ke3 Qa4 49. Qh8+ Kf7 50. Qxh7+ Ng7 51. Qh4 Qd7 52. Kd2 Nh5 53. Qg5 Nf6 54. Qg1 Qd6 55. Qe3 Ng4 56. Qg3 b5 57. h3 Nf6 58. Qe3 bxc4 59. Bxc4 Ne4+ 60. Ke2 Kg7 61. Kf3 Kh6 62. Qe1 Kg7 63. Qa1+ Qf6 64. Qxf6+ Kxf6 65. Ke3 Ke7 66. Ba2 Kd6 67. h4 Nc3 68. Bb3 Nxd5+ 69. Kf3 Kc6 70. Bc4 Kd6 71. Bb3 Ne7 72. Ke3 Nd5+ 73. Kf3 a5 74. Bc4 Kc6 75. Bb3 Ne7 76. Bc4 Kd6 77. Bf7 1/2-1/2

[Event "Asian Continental op (Women) 12th"]
[Site "Manila"]
[Date "2013.05.20"]
[Round "3"]
[White "Aulia, Medina Warda"]
[Black "Docena, Jedara"]
[Result "1-0"]
[WhiteElo "2320"]
[BlackElo "2019"]
[PlyCount "75"]
[EventDate "2013.05.18"]
[EventType "swiss"]
[EventRounds "9"]
[EventCountry "PHI"]
[SourceTitle "CBM 154 Extra"]
[Source "ChessBase"]
[SourceDate "2013.06.25"]
[SourceVersion "2"]
[SourceVersionDate "2013.06.25"]
[SourceQuality "1"]

1. e4 c5 2. Nf3 Nc6 3. d4 cxd4 4. Nxd4 Nf6 5. Nc3 d6 6. Be2 e5 7. Nb3 Be7 8. 0-0 0-0 9. Re1 a5 10. a4 Nb4 11. Bf3 Be6 12. Nb5 Bc4 13. Nd2 Bxb5 14. axb5 Qb6 15. Be2 d5 16. c3 dxe4 17. Nc4 Qxb5 18. cxb4 Bxb4 19. Bd2 Bc5 20. Bxa5 Qc6 21. Bc3 b5 22. Rxa8 Qxa8 23. Ne3 Qb8 24. b4 Rd8 25. bxc5 Rxd1 26. Rxd1 h6 27. c6 Qb6 28. Bxb5 Ne8 29. Ba4 Kh7 30. h3 Qa6 31. Bb3 f6 32. Bd5 Qa4 33. Ra1 Qb5 34. Bxe4+ Kg8 35. Ra8 Kf7 36. Ra7+ Ke6 37. Bd5+ Kd6 38. Rb7 1-0

[Event "Olympiad Women-40"]
[Site "Istanbul"]
[Date "2012.09.06"]
[Round "9.3"]
[White "L'Ami, Alina"]
[Black "Docena, Jedara"]
[Result "1-0"]
[WhiteElo "2372"]
[BlackElo "2061"]
[PlyCount "89"]
[EventDate "2012.08.28"]
[EventType "team-swiss"]
[EventRounds "11"]
[EventCountry "TUR"]
[SourceTitle "CBM 150 Extra"]
[Source "ChessBase"]
[SourceDate "2012.10.19"]
[SourceVersion "1"]
[SourceVersionDate "2012.10.19"]
[SourceQuality "1"]
[WhiteTeam "Romania (W)"]
[BlackTeam "Philippines (W)"]
[WhiteTeamCountry "ROU"]
[BlackTeamCountry "PHI"]

1. d4 d6 2. Nf3 Bg4 3. c4 Nd7 4. Nc3 e5 5. g3 Ngf6 6. Bg2 Be7 7. h3 Bxf3 8. Bxf3 c6 9. 0-0 0-0 10. Bg2 Ne8 11. d5 c5 12. f4 g6 13. f5 Bg5 14. e3 gxf5 15. h4 Bh6 16. Bh3 Ng7 17. Bxf5 Nxf5 18. Rxf5 Bg7 19. Qf3 Nb6 20. Ne4 f6 21. Qf1 Nc8 22. Bd2 Kh8 23. Rf2 a5 24. Qh3 b6 25. Raf1 Ra7 26. g4 Kg8 27. g5 Qd7 28. Qxd7 Rxd7 29. gxf6 Bh6 30. Rg2+ Kf7 31. Ng5+ Bxg5 32. hxg5 Rg8 33. e4 Rg6 34. Rh2 Kg8 35. Kg2 Rf7 36. Kg3 Na7 37. b3 Nc8 38. Kg4 Kf8 39. Rfh1 Kg8 40. Rh6 Rd7 41. Kf5 Rxh6 42. Rxh6 Rf7 43. Ke6 Rb7 44. a4 Kf8 45. g6 1-0

[Event "PHI-ch (Women)"]
[Site "Boracay Island"]
[Date "2012.07.21"]
[Round "9"]
[White "Docena, Jedara"]
[Black "Mirano, Mira"]
[Result "1-0"]
[WhiteElo "2061"]
[BlackElo "1738"]
[PlyCount "115"]
[EventDate "2012.07.15"]
[EventType "tourn"]
[EventRounds "15"]
[EventCountry "PHI"]
[SourceTitle "CBM 149 Extra"]
[Source "ChessBase"]
[SourceDate "2012.08.24"]
[SourceVersion "1"]
[SourceVersionDate "2012.08.24"]
[SourceQuality "1"]

1. e4 c5 2. Nc3 Nc6 3. f4 g6 4. Nf3 Bg7 5. Bc4 e6 6. 0-0 Nge7 7. Qe1 0-0 8. d3 d5 9. Bb3 Na5 10. Bd2 Nxb3 11. axb3 Nc6 12. Kh1 b6 13. Qg3 Bb7 14. f5 Nd4 15. fxe6 fxe6 16. Bg5 Qb8 17. Qh3 Qd6 18. Qh4 Nxf3 19. Rxf3 Rxf3 20. gxf3 Qd7 21. Bh6 Qf7 22. Rf1 Rf8 23. Bxg7 Qxg7 24. Qg4 Qf6 25. Kg2 a6 26. Qg3 dxe4 27. dxe4 b5 28. Rd1 e5 29. Nd5 Qd6 30. Qg5 Kf7 31. Ne3 Qe7 32. h4 Bc6 33. Qxe7+ Kxe7 34. Nd5+ Kd6 35. Kg3 h5 36. b4 c4 37. Nf6+ Kc7 38. Nh7 Rd8 39. Rxd8 Kxd8 40. Ng5 Ke7 41. f4 Kf6 42. Kf3 Bd7 43. Ke3 Bg4 44. c3 Be6 45. Nf3 exf4+ 46. Kxf4 Bg4 47. Nd4 Bd7 48. e5+ Ke7 49. Kg5 Kf7 50. Kf4 Be8 51. Ke4 Ke7 52. Kd5 Kd7 53. e6+ Ke7 54. Ke5 Kd8 55. Kf6 g5 56. hxg5 h4 57. g6 h3 58. Nf3 1-0

[Event "PHI-ch (Women)"]
[Site "Boracay Island"]
[Date "2012.07.19"]
[Round "7"]
[White "Docena, Jedara"]
[Black "Frayna, Janelle Mae"]
[Result "1/2-1/2"]
[WhiteElo "2061"]
[BlackElo "1991"]
[PlyCount "124"]
[EventDate "2012.07.15"]
[EventType "tourn"]
[EventRounds "15"]
[EventCountry "PHI"]
[SourceTitle "CBM 149 Extra"]
[Source "ChessBase"]
[SourceDate "2012.08.24"]
[SourceVersion "1"]
[SourceVersionDate "2012.08.24"]
[SourceQuality "1"]

1. e4 Nf6 2. e5 Nd5 3. d4 d6 4. Nf3 dxe5 5. Nxe5 c6 6. Bc4 Nd7 7. Nf3 N7f6 8. 0-0 Bg4 9. Bb3 e6 10. c4 Nb6 11. Be3 Be7 12. Nbd2 0-0 13. Qe2 Qc7 14. h3 Bh5 15. Rac1 c5 16. dxc5 Bxc5 17. Bg5 Be7 18. g4 Bg6 19. Ne5 Rfd8 20. Bf4 Qc8 21. Rfd1 Nbd7 22. Nxg6 hxg6 23. Bc2 e5 24. Bg5 Qc7 25. Ne4 Nc5 26. Nxc5 Bxc5 27. b3 Rd6 28. Rxd6 Qxd6 29. Qf3 Qb6 30. Rd1 Bd4 31. Bh4 Re8 32. Qd3 Nd7 33. Bg3 Nc5 34. Qd2 a5 35. Kh2 Ne6 36. Be4 Qc7 37. Bd5 Qb6 38. Qe2 Nc7 39. Be4 Ne6 40. Bg2 g5 41. Bd5 Nc7 42. Be4 Ne6 43. Qf3 Nc5 44. Bd5 Qf6 45. Kg2 Qxf3+ 46. Kxf3 b6 47. Ke2 g6 48. f3 Kg7 49. Rh1 Ne6 50. Bxe6 Rxe6 51. Re1 f5 52. Bf2 Kf6 53. Rd1 Bxf2 54. Kxf2 e4 55. fxe4 Rxe4 56. gxf5 gxf5 57. Rd6+ Re6 58. Rd5 Re5 59. Rd6+ Re6 60. Rd5 Re5 61. Rd6+ Re6 62. Rd5 Re5 1/2-1/2

[Event "PHI-ch (Women)"]
[Site "Boracay Island"]
[Date "2012.07.18"]
[Round "5"]
[White "Docena, Jedara"]
[Black "Tumbos, Eden"]
[Result "1-0"]
[WhiteElo "2061"]
[BlackElo "1776"]
[PlyCount "89"]
[EventDate "2012.07.15"]
[EventType "tourn"]
[EventRounds "15"]
[EventCountry "PHI"]
[SourceTitle "CBM 149 Extra"]
[Source "ChessBase"]
[SourceDate "2012.08.24"]
[SourceVersion "1"]
[SourceVersionDate "2012.08.24"]
[SourceQuality "1"]

1. e4 c5 2. Nc3 Nc6 3. f4 g6 4. Nf3 Bg7 5. Bc4 e6 6. 0-0 Nge7 7. Qe1 Nd4 8. Nxd4 cxd4 9. Ne2 0-0 10. Bb3 f5 11. d3 a5 12. a4 b6 13. e5 Nc6 14. Qf2 d6 15. Nxd4 Nxd4 16. Qxd4 dxe5 17. Qxd8 Rxd8 18. fxe5 Bxe5 19. Re1 Bd4+ 20. Kf1 Kf7 21. c3 Bf6 22. Bc4 g5 23. Be3 Rd6 24. Ra3 Kg6 25. Rb3 Rb8 26. Bc5 Rc6 27. d4 h5 28. Be2 g4 29. Ba3 Ra8 30. Rd1 f4 31. Bd3+ Kf7 32. Bb5 Rc7 33. Bd6 Rca7 34. Bxf4 Bb7 35. Re1 Bd5 36. c4 Bb7 37. Rbe3 Bxd4 38. Rxe6 Bc8 39. Be8+ Kf8 40. Rg6 Bg7 41. Rxb6 Bf5 42. Bg6 Bd4 43. Rd6 Bxg6 44. Rxd4 Rf7 45. Kg1 1-0

[Event "ASEAN-ch U20 Girls 13th"]
[Site "Hue"]
[Date "2012.06.19"]
[Round "9"]
[White "Ton, Nu Hong An"]
[Black "Docena, Jedara"]
[Result "1-0"]
[WhiteElo "1997"]
[BlackElo "2080"]
[PlyCount "76"]
[EventDate "2012.06.11"]
[EventType "swiss"]
[EventRounds "9"]
[EventCountry "VIE"]
[SourceTitle "CBM 149 Extra"]
[Source "ChessBase"]
[SourceDate "2012.08.24"]
[SourceVersion "1"]
[SourceVersionDate "2012.08.24"]
[SourceQuality "1"]

1. e4 Nc6 2. f4 d5 3. e5 d4 4. Nf3 Qd5 5. d3 f6 6. c4 Qe6 7. Qe2 Nh6 8. Na3 Qd7 9. h3 e6 10. Nc2 Nf7 11. Bd2 a5 12. g4 Bc5 13. 0-0-0 Nb4 14. Bxb4 axb4 15. b3 Rxa2 16. Kb1 Ra6 17. Qe4 fxe5 18. fxe5 0-0 19. Nfxd4 Bxd4 20. Nxd4 c5 21. Nc2 Qc7 22. d4 cxd4 23. Bd3 g6 24. Qxd4 Nxe5 25. Nxb4 Ra8 26. Na2 Qa5 27. Qb2 Qc5 28. Rhf1 Rxf1 29. Bxf1 Bd7 30. Bg2 Bc6 31. Bxc6 bxc6 32. Qd4 Qxd4 33. Rxd4 Kf7 34. Nc3 Ke7 35. Re4 Nd7 36. Kc2 Rf8 37. b4 Rb8 38. b5 c5 1-0

[Event "ASEAN-ch U20 Girls 13th"]
[Site "Hue"]
[Date "2012.06.15"]
[Round "5"]
[White "Docena, Jedara"]
[Black "Azman Hisham, Nur Nabila"]
[Result "1-0"]
[WhiteElo "2080"]
[BlackElo "1920"]
[PlyCount "73"]
[EventDate "2012.06.11"]
[EventType "swiss"]
[EventRounds "9"]
[EventCountry "VIE"]
[SourceTitle "CBM 149 Extra"]
[Source "ChessBase"]
[SourceDate "2012.08.24"]
[SourceVersion "1"]
[SourceVersionDate "2012.08.24"]
[SourceQuality "1"]

1. e4 c5 2. Nc3 e6 3. f4 g6 4. Nf3 Bg7 5. g3 Ne7 6. Bg2 d6 7. 0-0 Nbc6 8. d3 0-0 9. Ne2 b5 10. c3 Bb7 11. Be3 Rc8 12. Qd2 a6 13. Rad1 Qc7 14. h3 f5 15. g4 Na5 16. Ng3 fxe4 17. Nxe4 Nd5 18. Ng3 Rce8 19. Ne2 Nxe3 20. Qxe3 e5 21. fxe5 Bxe5 22. Nxe5 Rxf1+ 23. Rxf1 Rxe5 24. Qf2 Qe7 25. Bxb7 Nxb7 26. Nf4 Qg7 27. d4 Re7 28. Nd5 Rf7 29. Nf6+ Kh8 30. g5 cxd4 31. Qxd4 Re7 32. Qa7 Rf7 33. Re1 Rxf6 34. gxf6 Qxf6 35. Re8+ Kg7 36. Qxb7+ Kh6 37. Qe7 1-0

[Event "ASEAN-ch U20 Girls 13th"]
[Site "Hue"]
[Date "2012.06.13"]
[Round "3"]
[White "Docena, Jedara"]
[Black "Le, Hoang Tran Chau"]
[Result "0-1"]
[WhiteElo "2080"]
[BlackElo "2096"]
[PlyCount "90"]
[EventDate "2012.06.11"]
[EventType "swiss"]
[EventRounds "9"]
[EventCountry "VIE"]
[SourceTitle "CBM 149 Extra"]
[Source "ChessBase"]
[SourceDate "2012.08.24"]
[SourceVersion "1"]
[SourceVersionDate "2012.08.24"]
[SourceQuality "1"]

1. e4 c5 2. Nc3 Nc6 3. f4 g6 4. Nf3 Bg7 5. Bc4 e6 6. 0-0 Nge7 7. Qe1 0-0 8. d3 d5 9. Bb3 a6 10. a4 Nd4 11. Nxd4 cxd4 12. Nd1 dxe4 13. dxe4 Bd7 14. Nf2 b5 15. Nd3 bxa4 16. Bxa4 Bxa4 17. Rxa4 Qc7 18. Rf2 Nc6 19. b3 e5 20. Rc4 Qb7 21. f5 f6 22. Nc5 Qb5 23. Ne6 Rf7 24. g4 Qb6 25. Bd2 a5 26. Ra4 Rfa7 27. Qf1 Nd8 28. Nxd8 Qxd8 29. Qa1 Qb6 30. Kg2 Bf8 31. Qe1 g5 32. Qe2 Kg7 33. Rf1 Bb4 34. Rfa1 Bxd2 35. Qxd2 Qc6 36. Qd3 Qb6 37. Qd2 Qc6 38. Qd3 Qb6 39. Qd2 Rc7 40. R1a2 Qb7 41. Qe2 Rc3 42. Kg1 Re3 43. Qg2 Re1+ 44. Kf2 Rxe4 45. Qg3 Re3 0-1

[Event "PHI-ch (Women)"]
[Site "Manila"]
[Date "2011.07.19"]
[Round "5"]
[White "Frayna, Janelle Mae"]
[Black "Docena, Jedara"]
[Result "1/2-1/2"]
[WhiteElo "1875"]
[BlackElo "2049"]
[PlyCount "84"]
[EventDate "2011.07.16"]
[EventType "tourn"]
[EventRounds "11"]
[EventCountry "PHI"]
[SourceTitle "CBM 143 Extra"]
[Source "ChessBase"]
[SourceDate "2011.08.29"]
[SourceVersion "1"]
[SourceVersionDate "2011.08.29"]
[SourceQuality "1"]

1. c4 c5 2. g3 g6 3. Bg2 Bg7 4. Nc3 Nc6 5. Nf3 d6 6. 0-0 Nh6 7. d3 0-0 8. Bd2 Nf5 9. a3 Rb8 10. Rb1 b6 11. b4 Bb7 12. Qc1 Qd7 13. Rd1 Ncd4 14. Nxd4 Nxd4 15. Bxb7 Qxb7 16. Bh6 f5 17. Bxg7 Kxg7 18. Qb2 Kg8 19. Nb5 Nxb5 20. cxb5 Qd5 21. bxc5 dxc5 22. Qb3 Rfd8 23. a4 Rb7 24. Qxd5+ Rxd5 25. Ra1 Rd4 26. Rdb1 Kf7 27. f4 Ke6 28. Kf2 Kd5 29. Ke3 e5 30. fxe5 Kxe5 31. a5 bxa5 32. Rxa5 Kd5 33. Rba1 Rb4 34. Rxa7 R4xb5 35. R1a5 Rb4 36. Rxb7 Rxb7 37. Ra8 Re7+ 38. Kf3 Ke5 39. Ke3 Kd5+ 40. Kd2 Kd6 41. Ra6+ Kd5 42. Ra8 Kd6 1/2-1/2

[Event "Tagaytay City zt 3.3 (Women)"]
[Site "Tagaytay City"]
[Date "2011.05.27"]
[Round "6"]
[White "Batchimeg, Tuvshintugs"]
[Black "Docena, Jedara"]
[Result "1-0"]
[WhiteElo "2313"]
[BlackElo "2035"]
[PlyCount "49"]
[EventDate "2011.05.24"]
[EventType "swiss"]
[EventRounds "9"]
[EventCountry "PHI"]
[SourceTitle "EXT 2012"]
[Source "ChessBase"]
[SourceDate "2011.11.24"]
[SourceVersion "1"]
[SourceVersionDate "2011.11.24"]
[SourceQuality "1"]

1. d4 d6 2. e4 Nf6 3. Nc3 c6 4. Nf3 Bg4 5. h3 Bxf3 6. Qxf3 Nbd7 7. g4 e5 8. Be3 h6 9. 0-0-0 Qa5 10. Bc4 Be7 11. Bb3 Rf8 12. Ne2 0-0-0 13. Ng3 exd4 14. Bxd4 g6 15. Qe2 Nc5 16. Bc3 Nxb3+ 17. axb3 Qb6 18. Qd2 Qb5 19. Kb1 h5 20. Qf4 Ne8 21. gxh5 gxh5 22. Nf5 Rd7 23. Rhg1 Qb6 24. Nxe7+ Rxe7 25. Qh6 1-0

[Event "Tagaytay City zt 3.3 (Women)"]
[Site "Tagaytay City"]
[Date "2011.05.24"]
[Round "1"]
[White "Docena, Jedara"]
[Black "Sukandar, Irine Kharisma"]
[Result "0-1"]
[WhiteElo "2035"]
[BlackElo "2362"]
[PlyCount "92"]
[EventDate "2011.05.24"]
[EventType "swiss"]
[EventRounds "9"]
[EventCountry "PHI"]
[SourceTitle "EXT 2012"]
[Source "ChessBase"]
[SourceDate "2011.11.24"]
[SourceVersion "1"]
[SourceVersionDate "2011.11.24"]
[SourceQuality "1"]

1. e4 c5 2. Nc3 a6 3. f4 b5 4. g3 Bb7 5. Bg2 g6 6. d3 Bg7 7. Nf3 e6 8. 0-0 Ne7 9. Qe2 Nbc6 10. Be3 Nd4 11. Qf2 Nxf3+ 12. Bxf3 b4 13. Ne2 d6 14. d4 c4 15. c3 a5 16. g4 0-0 17. f5 Qd7 18. Ng3 d5 19. Bg2 f6 20. Rae1 dxe4 21. Nxe4 Bxe4 22. Bxe4 Ra6 23. fxe6 Rxe6 24. Qg2 f5 25. Bf3 a4 26. a3 bxc3 27. bxc3 f4 28. Bf2 Rb6 29. Bh4 Nc8 30. Qe2 Qf7 31. Qg2 Qc7 32. Qe2 Rb3 33. Bd5+ Kh8 34. Rf3 Nb6 35. Be7 Nxd5 36. Bxf8 Bxf8 37. Qe8 Rb8 38. Qxa4 Ne3 39. h3 Qb7 40. Rfxe3 fxe3 41. Rxe3 Qb1+ 42. Kf2 Qb2+ 43. Kf3 Qh2 44. Ke4 Qg2+ 45. Rf3 Rb7 46. Qd1 Re7+ 0-1

[Event "Olympiad Women-39"]
[Site "Khanty-Mansiysk"]
[Date "2010.10.01"]
[Round "10.26"]
[White "Sihite, Chelsie Monica"]
[Black "Docena, Jedara"]
[Result "1/2-1/2"]
[WhiteElo "2014"]
[BlackElo "2033"]
[PlyCount "88"]
[EventDate "2010.09.21"]
[EventType "team-swiss"]
[EventRounds "11"]
[EventCountry "RUS"]
[SourceTitle "CBM 139"]
[Source "ChessBase"]
[SourceDate "2010.11.18"]
[SourceVersion "1"]
[SourceVersionDate "2010.11.18"]
[SourceQuality "1"]
[WhiteTeam "Indonesia (W)"]
[BlackTeam "Philippines (W)"]
[WhiteTeamCountry "INA"]
[BlackTeamCountry "PHI"]

1. e4 c5 2. Nf3 Nc6 3. Bb5 g6 4. 0-0 Bg7 5. Re1 e5 6. Bxc6 bxc6 7. c3 Ne7 8. d4 cxd4 9. cxd4 exd4 10. Nxd4 0-0 11. Nc3 Qc7 12. Bg5 Re8 13. Qd2 Ba6 14. Rad1 Rad8 15. Qc1 Qb7 16. e5 Rb8 17. Nb3 Nd5 18. Nc5 Qc8 19. Bf4 Rb4 20. Bg3 Rc4 21. N5e4 Bf8 22. Qg5 Be7 23. Nf6+ Nxf6 24. exf6 Bf8 25. h4 Qd8 26. Rxe8 Qxe8 27. Qd2 d5 28. b3 Rb4 29. h5 d4 30. Na4 Qe2 31. hxg6 hxg6 32. Qxe2 Bxe2 33. Re1 d3 34. Nc3 Rb7 35. Nxe2 Bb4 36. Nc3 Bxc3 37. Re8+ Kh7 38. Rd8 Bxf6 39. Rxd3 Kg7 40. Rd6 Rb6 41. Kf1 a5 42. Ke2 a4 43. bxa4 Rb2+ 44. Rd2 Rb4 1/2-1/2

[Event "Olympiad Women-39"]
[Site "Khanty-Mansiysk"]
[Date "2010.09.30"]
[Round "9.30"]
[White "Docena, Jedara"]
[Black "Solis, Gabriela"]
[Result "1-0"]
[WhiteElo "2033"]
[BlackElo "1934"]
[PlyCount "109"]
[EventDate "2010.09.21"]
[EventType "team-swiss"]
[EventRounds "11"]
[EventCountry "RUS"]
[SourceTitle "CBM 139"]
[Source "ChessBase"]
[SourceDate "2010.11.18"]
[SourceVersion "1"]
[SourceVersionDate "2010.11.18"]
[SourceQuality "1"]
[WhiteTeam "Philippines (W)"]
[BlackTeam "Bolivia (W)"]
[WhiteTeamCountry "PHI"]
[BlackTeamCountry "BOL"]

1. e4 d5 2. exd5 Qxd5 3. Nc3 Qa5 4. d4 Nf6 5. Bd2 c6 6. Nf3 Bf5 7. Bc4 e6 8. 0-0 Qc7 9. Re1 Be7 10. h3 Nbd7 11. a4 0-0 12. Nh4 Bg6 13. Nxg6 hxg6 14. b3 Nb6 15. Bd3 Rad8 16. Ne2 Nbd7 17. c3 Bd6 18. Qc2 e5 19. Rad1 Rfe8 20. Bg5 a6 21. Qc1 Re6 22. Bc4 Ree8 23. Bd3 Re6 24. Qb1 Kh7 25. b4 Nb6 26. dxe5 Rxe5 27. f4 Ree8 28. f5 Bh2+ 29. Kh1 gxf5 30. Bxf5+ Kg8 31. Rxd8 Rxd8 32. Bxf6 gxf6 33. Qe4 Qe5 34. Qg4+ Kf8 35. a5 Nc4 36. Qxc4 Qxf5 37. Kxh2 Qf2 38. Qc5+ Qxc5 39. bxc5 Rd5 40. Rb1 Rxc5 41. Rxb7 Rxa5 42. Kg3 Re5 43. Kf3 a5 44. Rc7 c5 45. Ra7 Rf5+ 46. Ke3 Re5+ 47. Kd2 Rd5+ 48. Ke1 Rg5 49. g3 Rh5 50. h4 Re5 51. Rxa5 Ke7 52. Ra6 f5 53. Kf2 Kf8 54. Kf3 Kg7 55. Rc6 1-0